Η έμφυλη διάσταση της πιστοποίησης των εκπαιδευτών διπλωματική εργασία [μεταπτυχιακή εργασία]

Αποθηκεύτηκε σε:
Λεπτομέρειες βιβλιογραφικής εγγραφής
Κύριος συγγραφέας: Νάκα, Αθηνά
Συγγραφή απο Οργανισμό/Αρχή: Πανεπιστήμιο Αιγαίου Σχολή Ανθρωπιστικών Επιστημών Τμήμα Επιστημών της Προσχολικής Αγωγής και του Εκπαιδευτικού Σχεδιασμού Πρόγραμμα Μεταπτυχιακών Σπουδών Φύλο και Νέα Εκπαιδευτικά και Εργασιακά Περιβάλλοντα στην Κοινωνία της Πληροφορίας
Άλλοι συγγραφείς: Γουβιάς, Διονύσης Σ. (Εισηγητής διατριβής)
Μορφή: Thesis Βιβλίο
Γλώσσα:Greek
Δημοσίευση: 2011
Θέματα:
Διαθέσιμο Online:http://hdl.handle.net/11610/13841
Ετικέτες: Προσθήκη ετικέτας
Δεν υπάρχουν, Καταχωρήστε ετικέτα πρώτοι!

MARC

LEADER 00000cam a2200000 i 4500
001 1/25291
008 130201s2011 gre d
035 |l 10113617 
040 |a GR-MY-UA  |b gre  |e aacr 
041 0 |a gre 
082 0 |a 374.9495  |2 (22) 
100 1 |a Νάκα, Αθηνά. 
245 1 2 |a Η έμφυλη διάσταση της πιστοποίησης των εκπαιδευτών/τριών ενηλίκων :  |b διπλωματική εργασία [μεταπτυχιακή εργασία] /  |c Νάκα Αθηνά ; επιβλέπων: Γουβιάς Διονύσης 
260 |c 2011 
300 |a 91 σ.;  |c 30 εκ. 
500 |a Μέλη εξεταστικής επιτροπής: Βρυωνίδης Μάριος, Βιτσιλάκη Χρυσή 
502 |a Διατριβή (μεταπτυχιακή) – Πανεπιστήμιο Αιγαίου, Ρόδος, 2011. 
504 |a Βιβλιογραφία: σ. 75-81 
650 0 0 |a Adult education teachers  |x Training of. 
650 0 0 |a Team learning approach in education. 
650 0 0 |a Group work in education  |z Greece. 
650 0 0 |a Dissertations, Academic  |z Greece. 
700 1 |4 ths  |a Γουβιάς, Διονύσης Σ. 
710 1 |a Πανεπιστήμιο Αιγαίου   |b Σχολή Ανθρωπιστικών Επιστημών   |b Τμήμα Επιστημών της Προσχολικής Αγωγής και του Εκπαιδευτικού Σχεδιασμού   |b Πρόγραμμα Μεταπτυχιακών Σπουδών Φύλο και Νέα Εκπαιδευτικά και Εργασιακά Περιβάλλοντα στην Κοινωνία της Πληροφορίας. 
852 |a INST  |b RHODES  |c DIATR  |e 20130201  |h 374.9495 ΝΑΚ  |p 005400034862  |q 005400034862  |t MTXE  |y 23 
852 |a INST  |b RHODES  |c DIATR  |e 20130201  |h 374.9495 ΝΑΚ  |p 005400034863  |q 005400034863  |t MTXE  |y 23 
856 |u http://hdl.handle.net/11610/13841 
901 |a BIBL4-2013-1 
909 |a Ρ  |b 176403 
909 |a Ρ  |b 176404 
924 |a ΝΑΚΑ  |b ΑΘΗΝΑ  |y ΡΟΔΟΣ  |z 2011 
970 |z 2013/02/01